[Event "Bogota McGregor op 4th"]
[Site "Bogota"]
[Date "2013.12.07"]
[Round "6"]
[White "Pineda Arevalo, Jose Ariel"]
[Black "Alvarez, Nelson"]
[Result "1-0"]
[WhiteElo "2038"]
[BlackElo "1773"]
[PlyCount "35"]
[EventDate "2013.12.04"]
[EventType "swiss"]
[EventRounds "9"]
[EventCountry "COL"]
[SourceTitle "CBM 157 Extra"]
[Source "ChessBase"]
[SourceDate "2013.12.19"]
[SourceVersion "1"]
[SourceVersionDate "2013.12.19"]
[SourceQuality "1"]

1. c4 Nf6 2. Nc3 g6 3. g3 Bg7 4. Bg2 Nc6 5. Nf3 0-0 6. 0-0 b6 7. d4 e6 8. e4 d6 9. e5 Ng4 10. h3 Nh6 11. Bg5 Qd7 12. Ne4 Bb7 13. Bxh6 d5 14. Nf6+ Bxf6 15. exf6 Rfe8 16. Qd2 e5 17. Bg7 e4 18. Qh6 1-0

[Event "Bogota University op 7th"]
[Site "Bogota"]
[Date "2013.10.11"]
[Round "4"]
[White "Alvarez, Nelson"]
[Black "Ruiz Cruz, Cesar Augusto"]
[Result "0-1"]
[WhiteElo "1821"]
[BlackElo "1835"]
[PlyCount "65"]
[EventDate "2013.10.10"]
[EventType "swiss"]
[EventRounds "9"]
[EventCountry "COL"]
[SourceTitle "CBM 156 Extra"]
[Source "ChessBase"]
[SourceDate "2013.10.22"]
[SourceVersion "1"]
[SourceVersionDate "2013.10.22"]
[SourceQuality "1"]

1. d4 d5 2. c4 c6 3. e3 Nf6 4. Nc3 Bf5 5. Nf3 h6 6. Be2 e6 7. 0-0 dxc4 8. Bxc4 b5 9. Be2 Bd6 10. Bd2 Ne4 11. Rc1 Nxd2 12. Nxd2 0-0 13. e4 Bg6 14. Bf3 a5 15. e5 Be7 16. Ndb1 Qb6 17. Qd2 Rd8 18. Rfd1 Bg5 19. Qe2 Bxc1 20. Rxc1 Ra6 21. d5 exd5 22. e6 Re8 23. exf7+ Bxf7 24. Qd3 Qd8 25. a4 b4 26. Ne2 Qf6 27. b3 Qb2 28. Rd1 Ra7 29. Nd2 Rae7 30. g3 Qf6 31. Nf4 Re1+ 32. Rxe1 Rxe1+ 33. Kg2 0-1